书目信息 |
| 题名: |
Maya模型制作基础
|
|
| 作者: | 郑超 主编 ;谢晓丹 编著 | |
| 分册: | ||
| 出版信息: | 沈阳 辽宁美术出版社 2014 |
|
| 页数: | 160页 | |
| 开本: | 26cm | |
| 丛书名: | 数码软件实践系列 | |
| 单 册: | ||
| 中图分类: | TP391.414 | |
| 科图分类: | ||
| 主题词: | 三维动画软件--San Wei Dong Hua Ruan Jian | |
| 电子资源: | ||
| ISBN: | 978-7-5314-6054-1 | |
| 000 | 01192nam 2200301 450 | |
| 001 | 1667875783 | |
| 005 | 20140515110527.0 | |
| 010 | @a978-7-5314-6054-1@dCNY75.00 (含光盘) | |
| 010 | @a978-7-900490-05-6@b光盘 | |
| 100 | @a20140808d2014 em y0chiy0120 ea | |
| 101 | 0 | @achi |
| 102 | @aCN@b210000 | |
| 105 | @aa z 000yy | |
| 106 | @ar | |
| 200 | 1 | @aMaya模型制作基础@AMaya Mo Xing Zhi Zuo Ji Chu@d= The basis of making Maya model@f郑超主编@g谢晓丹编著@zeng |
| 210 | @a沈阳@c辽宁美术出版社@d2014 | |
| 215 | @a160页@c图 (部分彩图)@d26cm@e光盘1片 | |
| 225 | 2 | @a数码软件实践系列@AShu Ma Ruan Jian Shi Jian Xi Lie |
| 330 | @a本书通过模型课程的学习了解Maya的使用方法,并通过实例让学生能够了解简单的制作流程,通过实例学习模型制作的基本命令,模型布线标准,角色建模,场景建模以及工业模型制作,制作角色表情的基础方法等诸多方面的专业知识。 | |
| 333 | @a三维动画设计人员 | |
| 410 | 0 | @12001 @a数码软件实践系列 |
| 510 | 1 | @aBasis of making Maya model@zeng |
| 606 | 0 | @a三维动画软件@ASan Wei Dong Hua Ruan Jian |
| 690 | @aTP391.414@v5 | |
| 701 | 0 | @a郑超@AZheng Chao@4主编 |
| 702 | 0 | @a谢晓丹@AXie Xiao Dan@4编著 |
| 801 | 0 | @aCN@b江苏新华@c20150511 |
| 905 | @aBZT@dTP391.414@e12 | |
| Maya模型制作基础= The basis of making Maya model/郑超主编/谢晓丹编著.-沈阳:辽宁美术出版社,2014 |
| 160页:图 (部分彩图);26cm+光盘1片.-(数码软件实践系列) |
| 使用对象:三维动画设计人员 |
| ISBN 978-7-5314-6054-1:CNY75.00 (含光盘) |
| 本书通过模型课程的学习了解Maya的使用方法,并通过实例让学生能够了解简单的制作流程,通过实例学习模型制作的基本命令,模型布线标准,角色建模,场景建模以及工业模型制作,制作角色表情的基础方法等诸多方面的专业知识。 |
| ● |
| 相关链接 |
|
|
|
正题名:Maya模型制作基础
索取号:TP391.414/12
 
预约/预借
| 序号 | 登录号 | 条形码 | 馆藏地/架位号 | 状态 | 备注 |
| 1 | 797884 | 2000797884 | 第二书库/ [索取号:TP391.414/12] | 在馆 | |
| 2 | 797885 | 2000797885 | 第二书库/ [索取号:TP391.414/12] | 在馆 | |
| 3 | 797886 | 2000797886 | 第二书库/ [索取号:TP391.414/12] | 在馆 |